000256524 001__ 256524
000256524 005__ 20250125224843.0
000256524 0247_ $$aG:(GEPRIS)392552271$$d392552271
000256524 035__ $$aG:(GEPRIS)392552271
000256524 040__ $$aGEPRIS$$chttp://gepris.its.kfa-juelich.de
000256524 150__ $$aSpektroskopische und Mechanistische Studien von Seltenerdmetall-abhängigen Enzymen$$y2018 -
000256524 371__ $$aProfessorin Dr. Lena Josefine Daumann
000256524 450__ $$aDFG project G:(GEPRIS)392552271$$wd$$y2018 -
000256524 5101_ $$0I:(DE-588b)2007744-0$$aDeutsche Forschungsgemeinschaft$$bDFG
000256524 680__ $$aLanthanoide (Ln), die Elemente Lanthan bis Lutetium im Periodensystem, sind häufig vorkommende Elemente, jedoch aufgrund ihrer geringen Löslichkeit nur schlecht bioverfügbar. Dennoch nutzen viele Bakterien diese Elemente in biochemischen Prozessen. Genauer gesagt nutzen Bakterien Lantanoide wie Lanthan(III) und Neodym(III) als Cofaktoren im aktiven Zentrum von Methanoldehydrogenasen (MDH), Enzyme die die Oxidation von Methanol zu Formaldehyd als Teil ihres Energiestoffwechsels katalysieren. Lange ging man davon aus, dass eine gut untersuchte calciumhaltige MDH (Ca-MDH) der wichtigste Weg zur Methanoloxidation in diesen Bakterien ist. Das Hauptziel dieses Projekts besteht darin, zu verstehen, warum die Natur die Lanthanide als Katalysatoren für die - für viele Bakterien unerlässliche - Oxidation von Methanol ausgewählt hat. Dieses Verständnis wird durch die Untersuchung mechanistischer Aspekte von Methanol-Dehydrogenasen und dem sorgfältigen Vergleich kinetischer Parameter bei verschiedenen pH-Werten, Temperaturen, mit verschiedenen Lanthaniden (und Calcium) sowie durch den Vergleich spektroskopischer Signaturen erreicht werdem. Konkret wollen wir folgende Fragen beantworten: Warum wechseln Bakterien von Ca-MDH zu Ln-MDH, selbst bei nur nanomolaren Konzentrationen von Ln? Sind Ln-MDHs besser als Ca-MDHs? Was ist der Mechanismus der Alkoholoxidation? Warum sind bestimmte Lanthanoide (größere wie Pr, Nd) besser als andere (kleinere wie Lu) und effektiver bei der Umwandlung von Methanol?
000256524 909CO $$ooai:juser.fz-juelich.de:923127$$pauthority$$pauthority:GRANT
000256524 909CO $$ooai:juser.fz-juelich.de:923127
000256524 980__ $$aG
000256524 980__ $$aAUTHORITY